| 000 | 00582nam a2200169 i 4500 | ||
|---|---|---|---|
| 001 | 71297 | ||
| 003 | ES-MaACL | ||
| 005 | 20240927063113.0 | ||
| 007 | t| | ||
| 008 | 040809s1949 sp ||||1| spa d | ||
| 100 | 0 |
_aGaya Nuño, Juan Antonio, _d1913-1976 _956130 |
|
| 245 | 1 | 3 |
_aEl arte español en sus estilos y en sus formas / _cJuan Antonio Gaya Nuño. |
| 260 |
_aBarcelona : _bOmega, _c[1949] ( _fImp. Escuela de la Casa Provincial de Caridad) |
||
| 300 |
_a101 p., 308 lám. : _bil. ; _c29 cm. |
||
| 852 |
_aES-MaACL _jD-7044 _bR.29310 |
||
| 999 |
_c71297 _d71297 |
||